000 00231nam a2200097Ia 4500
008 190216s9999||||xx |||||||||||||| ||und||
100 _aRaj Pa &sons
245 0 _aHindi-Shitharom Ki Kahani
260 _bNbs Kottayam
942 _cBK
999 _c18366
_d18366